000 00668nam a2200217 a 4500
999 _c9346
_d9346
001 9346
003 BD-JhCC
005 20180313103002.0
008 180313s1987 bg a|||| ||a| 000 0 ben d
035 _a(BD-JhCC)9346
040 _aBD-JhCC
_dBD-JhCC
041 _aben
082 _a928
_bHOS 1987
100 _aহোসেন, সৈয়দ আকরাম
245 _aএস. ওয়াজেদ আলি ১৮৯০-১৯৫১ /
_cসৈয়দ আকরাম হোসেন,
260 _aঢাকা :
_bবাংলা একাডেমী,
_c1987
300 _a70 p. :
_c22 cm.
650 _aBiography
942 _2ddc
_cBK